000
00307nam a2200121Ia 4500
008
190216s9999||||xx |||||||||||||| ||und||
100
_a
Tharakan K M
245
4
_a
The Rainbow An Anthology Of One Act Plays
260
_b
Macmillan India Ltd
_c
1981
300
_a
120p
650
_a
English Drama
942
_c
BK
999
_c
13122
_d
13122